000 00641nam a2200241 a 4500
001 nice12345678
003 IN_TiNIC
005 20260116012907.0
008 050524s1982 swia grp 000 0 eng
020 _a
_c100
082 0 0 _a270
_bSAB
100 _aSabev, Todor
245 _aSofia Consultation
_b Orthodos Involvement in the Wcc
260 _aSwitzerland
_bWorld Council of Churches
_c1982
300 _a128p
500 _aincludes index and biblioraphy
505 2 _aAppendix, Glossary, Bibliography, Index
650 _aChristian-Literature
700 1 _aSabev, Todor
902 _bSRS
942 _cBK
999 _c8785
_d8785